[Event "Solin 8th"]
[Site "Solin/Split"]
[Date "2000.12.14"]
[Round "6"]
[White "Hauchard, Arnaud"]
[Black "Tukmakov, Vladimir B"]
[Result "0-1"]
[WhiteElo "2539"]
[BlackElo "2582"]
[Annotator "Ribli,Z"]
[PlyCount "72"]
[EventDate "2000.12.09"]
[EventType "tourn"]
[EventRounds "9"]
[EventCountry "CRO"]
[EventCategory "12"]
[SourceTitle "CBM 081"]
[Source "ChessBase"]
[SourceDate "2001.03.20"]
[SourceVersion "1"]
[SourceVersionDate "2001.03.20"]
[SourceQuality "1"]

1. Nf3 c5 2. c4 Nf6 3. Nc3 Nc6 4. e3 e5 {Schwarz möchte die Symmetrie
aufbrechen und das Spiel verkomplizieren.} (4... e6 5. d4 d5 {Durch
Zugumstellung haben wir eine Grundstellung der Taarasch-Variante des
Damengambits erreicht.}) 5. a3 (5. d4 cxd4 6. exd4 e4 7. Ng5 Bb4 $13) 5... d5
6. cxd5 Nxd5 {Das ist eigentlich eine Stellung der Sizilianischen Verteidigung
mit vertauschten Farben.} 7. Bb5 (7. Qa4 Nxc3 8. bxc3 Bd6 9. e4 O-O 10. d3 Bd7
11. Qc2 Rc8 12. Be2 c4 13. dxc4 Na5 {0-1 Jakobsen,O-Wedberg,T/Esbjerg 1983/MCD
(42)}) (7. Qc2 Be7 (7... Nxc3 8. dxc3 Be7 9. Bc4 O-O 10. e4 {1/2-1/2 Shaked,
T-Sokolin,L/Denver 1998/CBM 68 (25)}) 8. Bb5 Qd6 9. Ne4 Qg6 10. Nxe5 Qxg2 11.
Ng3 Nc7 12. Nxc6 bxc6 13. Bd3 Nd5 14. b4 O-O 15. Bxh7+ Kh8 16. Be4 Qh3 17. Bf5
Bxf5 18. Qxf5 Qxf5 19. Nxf5 Bf6 20. Rb1 Rab8 21. Bb2 Bxb2 22. Rxb2 {1/2-1/2
Grivas,E-Mainka,R/Ano Liosia 1993/EXT 97 (22)}) 7... Nxc3 8. bxc3 Bd6 9. O-O
O-O 10. d4 {Meiner Meinung nach ist der andere Bauernzug - 10.e4 - besser.
Danach könnte Weiß mit Bc4 die Schwächung des Feldes d5 ausnutzen.} (10. e4 Bd7
(10... Be6 11. d3 Qa5 12. a4 h6 13. Bd2 Qc7 14. Nh4 Na5 15. Nf5 Kh7 16. Qh5 f6
17. Ne3 Qf7 18. Qxf7 Rxf7 19. Nc4 Bc7 {0-1 Oms Pallise,J-Rodriguez Gerrero,E/
Dos Hermanas 2000/CBM 75 ext (46)}) (10... Na5 11. d4 exd4 12. cxd4 Bg4 13. e5
Bc7 14. dxc5 Qe7 15. Bg5 Qxc5 16. Rc1 Qxb5 17. Rxc7 Nc6 18. Qb1 Qa5 {0-1
Dorfman,J-Yudasin,L/Nikolaev 1983/EXT 2000 (62)}) (10... Bg4) 11. Rb1 h6 12.
Re1 Qe7 13. h3 Rad8 14. Bc4 b6 15. d3 Kh8 16. Bd5 Qf6 17. Nd2 Ne7 18. Nc4 Bb8
19. Ne3 Qg6 20. Qf3 f5 {0-1 Ginsburg,M-De Firmian,N/Copenhagen 2000/CBM 77 ext
(34)}) 10... cxd4 11. cxd4 exd4 12. Bxc6 (12. Nxd4 $5 Qf6 $1 (12... Nxd4 13.
Qxd4 Qe7 14. Bb2 f6 $11) 13. Bb2 Qe5 {[%cal Ge5b2,Ge5b5,Rd6h2]} (13... Be5 14.
Rc1 $11 (14. Bxc6 bxc6 15. Rc1 c5 (15... Rb8 $11) 16. Rxc5 Bxh2+ 17. Kh1 (17.
Kxh2 Qd6+ {[%cal Rd6c5,Rd6h2]}) 17... Ba6 18. Re1 Be5 $15) (14. f4 Bxd4 15.
exd4 Rd8 $15)) 14. g3 Bh3 15. Re1 Nxd4 16. Qxd4 Qxd4 17. Bxd4 a6) 12... bxc6
13. Qxd4 $11 {Weiß hat die bessere Bauernstruktur, denn der Pc6 ist isoliert.
Dennoch hat Schwarz dank des Läuferpaares bequemes Spiel, und in der Folge
kann sein "schwacher" c-Bauer vorrücken.} (13. Nxd4 c5 $15) 13... c5 14. Qc3 {
Die Dame muss auf der Diagonale a1-h8 bleiben, sonst kommt Schwarz zu Qf6.} Re8
15. Bb2 Bf8 {Der Bf8 verteidigt zugleich den Pg7 und den Pc5.} 16. Rfd1 Qb6 17.
a4 $6 {Weiß möchte gegen den Pc5 spielen, verfehlt aber sein Ziel. Denn in der
Folge wird auch der Pa4 schwach.} (17. Ne5 Rb8 18. Nc4 Qg6 $15 {[%csl Gg6]}) (
17. Rd2 $11) 17... Rb8 18. Ba3 $6 {Weiß bleibt konsequent bei seinem Plan,
aber Schwarz kann seine Initiative währenddessen verstärken.} (18. Rd2 $11)
18... Bb7 (18... Bg4 $5) 19. Ne1 Qc6 {[%cal Gc6a4,Gb7g2]} 20. Qa5 (20. Rab1
Rec8 $11 (20... Qxa4 21. Bxc5 Rec8 22. Qd4 Qxd4 23. Bxd4 $14 {[%csl Ra7]}))
20... Re4 $15 {[%mdl 2048] Schwarz hat aktives Figurenspiel - jetzt ist der
Pa4 schwach.} 21. Rd8 $2 {Dieser scheinaktive Zug verliert einfach einen
Bauern.} (21. Qxa7 $4 Ra8) (21. Bb2 Bd6 22. Rd2 Bc7 $15) 21... Rxa4 22. Qxa4 (
22. Qd2 Rxd8 23. Qxd8 Qd6 $17) 22... Rxd8 (22... Qxa4 $2 23. Rxb8 Qc6 24. Rd1
$18) 23. Qxc6 (23. Qa5 Qb6 24. Qc3 Be7 $17 {[%cal Ge7f6]}) (23. Qxa7 Ra8 $19)
23... Bxc6 $17 {[%mdl 4096] Schwarz hat einen Mehrbauern und das Läuferpaar.
Darüber hinaus kontrolliert Schwarz die offene d-Linie. Aber die Verwertung
des Materialvorteils ist nicht so leicht, weil die Bauern a7 und c5 schwach
sind.} 24. Nf3 Bb5 25. h4 f6 {Ein guter positioneller Zug - Schwarz schränkt
die Aktivität des Nf3 ein und bereitet Kf7 vor.} 26. Rc1 Rc8 (26... c4 $6 27.
Bxf8 Rxf8 (27... Kxf8 $2 28. Nd4 $11) 28. Nd4 $15 {[%csl Gd4]}) 27. Nd2 (27.
Nd4 Bd7 28. Nb3 c4 29. Bxf8 cxb3 (29... Kxf8 30. Nd4 a5 $17) 30. Rxc8 Bxc8 31.
Ba3 Kf7 32. Kf1 Bb7 $19) 27... Bd3 {Schwarz zieht (noch) nicht 27...c4,
sondern verbessert zunächst seine Läuferstellung.} (27... c4 28. Bxf8 Kxf8 29.
Ne4 {[%cal Ge4c3]}) 28. Rc3 (28. Nc4 Rb8 $17) 28... c4 29. Bxf8 Kxf8 30. f3 (
30. Nb3 $5 {[%cal Gb3d4]} Ke7 $17 (30... cxb3 $6 31. Rxc8+ Ke7 32. Rb8 Bc2 (
32... Bc4 33. Rb4 (33. Rb7+ Kd6 34. Rxa7 Kc5 $19) 33... Bd5 34. e4 a5 35. Rb5
Bc4 $11) 33. Kf1 a5 34. Ke1 a4 35. Kd2 a3 36. Kc3)) 30... Ke7 31. Kf2 Kd6 $19 {
[%csl Gd3][%cal Gd6c5,Gc5b4] Das Eingreifen des schwarzen Königs entscheidet
die Partie. Der Bd3 paralysiert die weiße Stellung.} 32. e4 Kc5 33. Ra3 Rc7 (
33... Kd4 $2 34. Rxa7 Rb8 (34... c3 $2 35. Rd7+)) 34. Ke3 Kb4 35. Ra6 Rd7 {
Nach diesem einfachen Zug bleibt Weiß keine Verteidigung gegen 36...c3.} (35...
c3 36. Kxd3 c2 (36... Rd7+ $19) 37. Ra1 c1=Q 38. Rxc1 Rxc1 $19) 36. Rc6 c3 0-1

[Event "Brno Morava-B"]
[Site "Brno"]
[Date "1991.??.??"]
[Round "6"]
[White "Stangl, Markus"]
[Black "Mikhalchishin, Adrian"]
[Result "0-1"]
[WhiteElo "2490"]
[BlackElo "2520"]
[Annotator "Ribli,Z"]
[PlyCount "68"]
[EventDate "1991.09.??"]
[EventType "tourn"]
[EventRounds "11"]
[EventCountry "CZE"]
[EventCategory "10"]
[SourceTitle "CBM 026"]
[Source "ChessBase"]
[SourceDate "1992.02.01"]
[SourceVersion "1"]
[SourceVersionDate "1992.02.01"]
[SourceQuality "1"]

1. c4 Nf6 2. Nc3 d5 3. cxd5 Nxd5 4. Nf3 c5 5. e4 $5 Nb4 (5... Nc7 $2 6. d4 cxd4
7. Qxd4 $1 Qxd4 8. Nxd4 e5 9. Ndb5 $14 {Azmayparashvili,Z-Franco,Z Toledo 1991
CBM/22}) 6. Bb5+ N8c6 7. d4 $5 cxd4 8. a3 dxc3 9. Qxd8+ Kxd8 10. axb4 cxb2 11.
Bxb2 e6 (11... f6 12. e5 $1 Bg4 13. Bxc6 bxc6 14. Nd4 fxe5 15. Nxc6+ Kc7 16.
Nxe5 $16 {Kasparov,G-Kortschnoj,V Skelleftea WCup 1989 48/(49) CBM/14}) 12. O-O
(12. Bxc6 $6 bxc6 13. Ke2 f6 14. e5 f5 15. Nd4 Bd7 16. Rhc1 Bxb4 17. Nxc6+ Bxc6
18. Rxc6 Kd7 $10 {Gurevich,D-Dorfman,I New York op 1989 CBM/12}) 12... f6 13.
e5 Be7 14. Rfd1+ $2 (14. Bxc6 $1 bxc6 15. Nd4 $146) 14... Kc7 15. Rac1 Rd8 16.
Rxd8 Kxd8 17. exf6 gxf6 18. Bxc6 bxc6 19. Rxc6 e5 $15 20. h3 Bb7 21. Rc4 Rc8
22. Nd2 Rxc4 23. Nxc4 Bxb4 24. g4 Ke7 25. h4 Bd5 26. Ne3 Ke6 27. g5 fxg5 28.
hxg5 Be7 29. Ng4 Bxg5 30. Nxe5 a5 31. Nd3 Kf5 32. f4 Be7 33. Be5 a4 34. Nf2 Bb3
0-1

[Event "USA-ch"]
[Site "Key West"]
[Date "1994.??.??"]
[Round "6"]
[White "Gulko, Boris F"]
[Black "Gurevich, Dmitry"]
[Result "1-0"]
[WhiteElo "2590"]
[BlackElo "2535"]
[Annotator "Ribli,Z"]
[PlyCount "133"]
[EventDate "1994.10.??"]
[EventType "tourn"]
[EventRounds "13"]
[EventCountry "USA"]
[EventCategory "13"]
[SourceTitle "CBM 044"]
[Source "ChessBase"]
[SourceDate "1995.02.01"]
[SourceVersion "1"]
[SourceVersionDate "1995.02.01"]
[SourceQuality "1"]

1. c4 c5 2. Nf3 Nf6 3. Nc3 b6 4. e4 d6 5. d4 cxd4 6. Nxd4 Bb7 7. Qe2 g6 (7...
e6 8. g3 Nc6 $5 9. Nxc6 Bxc6 10. Bg2 Be7 11. O-O Nd7 12. Re1 Bb7 $13 {Kramnik,
V-Adams,M/Groningen PCA/1993/CBM39/INF59,(63)/}) 8. g3 (8. Bg5 Bg7 9. O-O-O
Nbd7 10. f4 Qb8 11. g4 $36 {Agdestein,S-Miralles,G/Novi Sad ol/1990/INF50,48/})
8... Bg7 9. Bg2 O-O 10. O-O Nc6 (10... Nbd7 11. Rd1 Qb8 12. b3 a6 13. Nd5 Re8
14. Bb2 $14 {Uhlmann,W-Szymczak,Z/Leipzig/1983/INF36,58/}) 11. Nxc6 Bxc6 12.
Rd1 Nd7 13. Nd5 Re8 14. Bg5 $1 h6 15. Be3 Rc8 16. Rac1 Bb7 (16... Ba8 $5) 17.
Qd2 Kh7 18. Bd4 Nf6 19. Nxf6+ exf6 20. f3 h5 21. b3 Bh6 $6 (21... Qe7 $5) 22.
Be3 Bxe3+ 23. Qxe3 f5 (23... Qe7 24. Qf4 Rcd8 25. Rd4 Qe5 26. Rcd1 $16) 24. Qf4
$1 Re5 (24... fxe4 $2 25. Qxf7+ $18) 25. exf5 Rxf5 26. Qxd6 Qxd6 27. Rxd6 Bxf3
28. Bxf3 Rxf3 29. Rd7 a6 (29... Re8 30. Rf1 $16) 30. Rd6 Rb8 (30... b5 31. c5
$1 $16 (31. Rxa6 bxc4 32. Rxc4 Rxc4 33. bxc4 Rc3 $14)) 31. Rf1 $1 Rxf1+ 32.
Kxf1 Kg7 33. Ke2 Kf8 34. Rd7 Kg7 35. b4 $1 h4 36. gxh4 Rh8 37. Rd4 g5 38. Kd3
$1 gxh4 (38... Rxh4 39. Rxh4 gxh4 40. Ke4 Kf6 41. Kf4 $18) 39. Rd6 Rb8 40. a4
h3 41. b5 axb5 42. axb5 Ra8 43. Rxb6 Ra2 44. c5 Rxh2 45. c6 Rc2 $1 46. Kxc2 h2
47. c7 h1=Q 48. c8=Q Qe4+ 49. Kc3 Qe3+ 50. Kb4 Qxb6 51. Qc5 Qe6 52. b6 Qe4+ 53.
Qc4 Qb1+ 54. Kc5 Qf5+ 55. Qd5 Qc8+ 56. Kb5 Qe8+ 57. Ka6 Qa4+ 58. Kb7 f6 59. Kb8
Qf4+ 60. Kc8 Qc1+ 61. Kd8 Qf4 62. b7 Qb8+ 63. Kd7 Kg6 64. Qe4+ Kg5 65. Qe3+ Kg4
66. Qd4+ Kg5 67. Qc5+ 1-0

[Event "Porz Citroen-Cup"]
[Site "Cologne"]
[Date "1990.??.??"]
[Round "7"]
[White "Jackelen, Thomas"]
[Black "Spassov, Liuben"]
[Result "1/2-1/2"]
[WhiteElo "2365"]
[BlackElo "2420"]
[Annotator "Ribli,Z"]
[PlyCount "124"]
[EventDate "1990.12.??"]
[EventType "tourn"]
[EventRounds "9"]
[EventCountry "GER"]
[EventCategory "7"]
[SourceTitle "CBM 021"]
[Source "ChessBase"]
[SourceDate "1991.04.01"]
[SourceVersion "1"]
[SourceVersionDate "1991.04.01"]
[SourceQuality "1"]

1. Nf3 Nf6 2. c4 c5 3. Nc3 d5 4. cxd5 Nxd5 5. Qa4+ Bd7 6. Qe4 Bc6 (6... Nxc3 7.
dxc3 Bc6 8. Qf4 Nd7 9. e4 e6 10. Bd3 Qb8 11. O-O $14 {Eingorn-Lau Dortmund
1988 45/(48)}) 7. Ne5 Nxc3 8. Qf4 Bd5 9. dxc3 f6 10. Qa4+ Nc6 11. e4 $1 fxe5
12. exd5 Qxd5 13. Be3 O-O-O 14. Qg4+ Kc7 15. Bc4 h5 16. Bxd5 hxg4 17. Be6 $14
b6 18. Bxg4 g6 19. Ke2 Bh6 20. Bf3 Rd6 21. h3 Nd8 22. g3 Nf7 23. h4 Rhd8 24.
Rad1 Rxd1 25. Rxd1 Rxd1 26. Kxd1 Bxe3 27. fxe3 Nd6 28. Ke2 Kd7 29. Bd5 e6 30.
Bb3 e4 31. Kf2 Ke7 32. g4 Kf6 33. Kg3 e5 $10 34. Bd5 Kg7 35. a4 a5 36. Kh3 Kf6
37. Kg2 Kg7 38. Kf2 Kf6 39. Kg2 Kg7 40. Kh1 Kf6 41. Kh2 Kg7 42. Kg1 Kf6 43. Kf2
Kg7 44. Kg3 Kf6 45. b3 Kg7 46. Kf2 Kf6 47. Kg2 Kg7 48. Kh3 Kf6 49. Kh2 Kg7 50.
Kg1 Kf6 51. Kf2 Kg7 52. Ke2 Kf6 53. c4 g5 54. hxg5+ Kxg5 55. Be6 Ne8 56. Kf2
Kh4 57. Bc8 Nf6 58. Bf5 Ne8 59. Bd7 Nd6 60. Be6 Ne8 61. Bd7 Nf6 62. Bf5 Nxg4+
1/2-1/2

[Event "Vidmar Memorial 13th"]
[Site "Portoroz"]
[Date "1999.06.15"]
[Round "3"]
[White "Pavasovic, Dusko"]
[Black "Zvjaginsev, Vadim"]
[Result "1/2-1/2"]
[WhiteElo "2502"]
[BlackElo "2658"]
[Annotator "Ribli,Z"]
[PlyCount "157"]
[EventDate "1999.06.??"]
[EventType "tourn"]
[EventRounds "10"]
[EventCountry "SLO"]
[EventCategory "14"]
[SourceTitle "CBM 072"]
[Source "ChessBase"]
[SourceDate "1999.10.01"]
[SourceVersion "1"]
[SourceVersionDate "1999.10.01"]
[SourceQuality "1"]

{[%mdl 5120]} 1. e4 {Hansen,Cu} c5 2. Nf3 e6 3. c4 {Dieser Zug gewann in den
letzten vier bis fünf Jahren an Popularität. Weiss vermeidet die
sizilianischen Hauptvarianten und eine Stellung an, die für die Englische
Eröffnung typisch ist. Ribli.} Nc6 4. Nc3 Nf6 5. Be2 b6 {Dieser Zug scheint
mir logischer als die schablonenhafte Fortsetzung 5...d5, nach der Weiss einen
kleinen Eröffnungsvorteil erringt.} (5... d5 6. cxd5 (6. exd5 exd5 7. d4 $14)
6... exd5 7. e5 $14) 6. d4 (6. O-O Bb7 7. Re1 Qb8 8. h3 (8. d3 Bd6 9. h3 Ne5
10. Nxe5 Bxe5 11. Be3 O-O 12. Qd2 d5 13. exd5 exd5 14. d4 cxd4 15. Bxd4 dxc4
16. Bxc4 Bxd4 17. Qxd4 Qc7 18. Bf1 Rad8 {1/2-1/2 Mohr,G-Ribli,Z/IV Finale Kupa
BiH 1998 (18)}) 8... Bd6 9. d4 cxd4 10. Nxd4 Bh2+ 11. Kh1 Nxd4 12. Qxd4 Be5 {
1/2-1/2 Ruck,R-Ribli,Z/tt_HUN 1996 (41)}) (6. b3 Bb7 7. Bb2 Qb8 $5 8. d3 Be7 9.
Qd2 O-O 10. O-O {1/2-1/2 Krasenkow,M-Adams,M/Madrid 1998/CBM 65/[Ribli] (51)})
6... cxd4 7. Nxd4 Bb7 {In dieser sogenannten Igelstellung kontrolliert Weiss
mehr Raum, aber die schwarze Stellung ist elastisch.} (7... Nxd4 8. Qxd4 Bc5 9.
Qd3 Qc7 (9... e5 10. Be3 Bb7 11. O-O O-O 12. Rfd1 Qe7 13. a3 Bxe3 14. Qxe3 Rfc8
15. Rac1 Qc5 16. Qxc5 bxc5 17. f3 a5 {1/2-1/2 Smirin,I-Soffer,R/Tel Aviv Cup
rapid 1996 (43)}) (9... d6 10. O-O Bb7 11. a3 e5 12. Bg5 O-O 13. Rab1 Rc8 14.
Bg4 Rb8 15. b4 Bd4 16. Bxf6 Qxf6 17. Ne2 b5 18. cxb5 Bb6 19. Bd7 d5 20. exd5
Qd6 21. Bc6 $18 {1-0 Maljutin,E-Frolov,A/Voroshilovgrad 1989/EXT 97 (54)}) 10.
a3 $5 (10. Be3 a6 11. O-O Bb7 12. Rad1 Be7 13. f4 d6 14. Bd4 O-O 15. Qg3 Rad8
16. f5 e5 17. Be3 Kh8 {0-1 Jarmolinskaya,M-Oratovsky,M/Tel Aviv ASA 1993 (42)})
10... a6 $8 11. O-O h5 $1 12. g3 Bb7 13. Bf4 Qc6 14. b4 Be7 15. b5 axb5 $8 16.
cxb5 Qc5 17. a4 {1/2-1/2 Har_Zvi,R-Oratovsky,M/Israel 1993/Inf 58/[Oratovsky,M;
Shvidler,E] (42)}) (7... Qc7 8. a3 Bb7 9. Be3 Rc8 10. Rc1 {1/2-1/2 Oratovsky,
M-Gofshtein,L/ISR-ch 1994}) 8. Bf4 (8. O-O Qb8 (8... Nxd4 9. Qxd4 Bc5 10. Qd3
Qc7 11. Be3 O-O 12. Rfd1 Rfd8 13. Rac1 Rac8 14. a3 Qe5 15. Bxc5 bxc5 16. Bf3
Ba6 17. b3 {1/2-1/2 Cifuentes Parada,R-Piket,J/NLD-ch 1992}) 9. Be3 Bd6 (9...
Nxd4 10. Qxd4 Bc5 11. Qd3 O-O 12. Rad1 (12. Bxc5 bxc5 13. f4 d6 14. Rad1 Rd8
15. Bf3 Rd7 16. Qe3 {1/2-1/2 Smirin,I-Hansen,C/Cap d`Agde 1996/CBM 55 ext (49)}
) 12... Bc6 13. Bd4 Qf4 14. g3 Qc7 15. f4 Rfd8 16. Bf3 Bxd4+ 17. Qxd4 d6 {
1/2-1/2 Popov,R-Poluljahov,A/Krasnodar 1997/EXT 99 (35)}) 10. f4 Nxd4 11. Qxd4
e5 12. Qd2 O-O 13. Rad1 Bb4 14. Qc2 Bxc3 15. Qxc3 d6 16. Qd3 {1/2-1/2 Huzman,
A-Liss,E/Tel Aviv 1999/CBM 71_07 (16)}) 8... Bb4 $5 $146 {Zvjaginsev hat immer
originelle Ideen in Eröffnungen. Schwarz hat keine Angst vor Ndb5 und greift
den e4-Bauern an.} (8... Nxd4 9. Qxd4 Bc5 10. Qd3 O-O 11. O-O d6 12. Rad1 e5
13. Bd2 Rc8 14. Bf3 h6 15. Ne2 a5 16. Ng3 Ba6 17. Be2 Bb7 18. Qf3 Kh7 19. Bd3
g6 20. Kh1 Rc7 21. Qe2 Bc8 {1/2-1/2 Rublevsky,S-Zvjaginsev,V/St. Petersburg
1999/CBM 71_07 (21)}) 9. Ndb5 $13 {Das ist die prinzipielle Fortsetzung. Weiss
opfert den e4-Bauern.} (9. f3 O-O $11 {Schwarz hat sehr bequemes Spiel. 10.
0-0? geht nicht wegen 10...Nxd4.} (9... Nh5 10. Be3 Qh4+ 11. Bf2 Qg5 $13)) 9...
Nxe4 10. Qd3 (10. Nc7+ Kf8 11. Nxa8 Nxc3 $17) 10... Nc5 (10... Bxc3+ 11. bxc3
Nc5 12. Nd6+ $44 {Weiss hat das Läuferpaar und eine starke Springerstellung
auf d6, während der schwarze König unsicher steht.}) 11. Nd6+ Kf8 12. Qd2 Qf6 (
12... e5 13. Be3 $44 {[%csl Gd6]}) 13. Rd1 $44 {Die Springerstellung auf d6
kompensiert den geopferten Bauern.} (13. Be3 Bxc3 14. bxc3 Ba6) 13... Na5 14.
O-O Bxc3 15. bxc3 Ne4 {Es ist logisch, dass Schwarz den starken d6-Springer
tauschen möchte.} (15... e5 16. Bg3 $44) 16. Nxe4 Bxe4 17. Qd6+ (17. Bd6+ Kg8
18. f3 $44) 17... Kg8 18. Rd4 Bc6 (18... Nb7 $6 19. Qxd7 Qxf4 20. Bf3 $13) 19.
Be5 Nb7 (19... Qh6 20. Rg4 $36) 20. Qc7 (20. Bxf6 Nxd6 21. Rg4 Nf5 $17) 20...
Qd8 (20... Qe7 21. Rfd1 $44) (20... Qf5 $6 21. Rf4 Qc2 22. Bf3 Bxf3 23. Rxf3
Nc5 24. Bxg7 $1 $16) 21. Qxd8+ Rxd8 22. Rg4 g6 23. Bf6 {[%csl Gf6] Weiss muss
nicht sofort den Turm nehmen.} (23. Bxh8 Kxh8 $44) 23... Rb8 (23... Rc8 $5) 24.
Rf4 {Droht 25.Bxh8 Kxh8 25.Rxf7.} Rf8 25. Bf3 Bxf3 26. Rxf3 h6 {[%cal Gh8h7]}
27. Rd1 Nc5 {[%csl Gc5]} 28. Bxh8 {Jetzt muss Weiss den Turm nehmen.} Kxh8 $44
{[%csl Gc5] Schwarz hat einen Bauern für die Qualität, aber der c5-Springer
steht ausgezeichnet. Es ist für Weiss nicht leicht, seine Türme zu aktivieren.}
29. Rf4 Kg7 30. Rfd4 Rc8 {Schwarz steht keineswegs schlechter. Die weißen
Damenflügelbauern sind sehr schwach und im Lager des Schwarzen ist alles
verteidigt.} 31. Kf1 Kf6 32. Ke2 Ke7 {Beide Könige streben ins Zentrum.} 33.
Ke3 Rc7 34. R1d2 h5 35. f3 Rc6 $15 {Schwarz möchte ...d7-d6 ziehen und damit
den Springer von der Verteidigung des d-Bauern entbinden. Die weissen Türme
haben keine Aktivität.} 36. g4 $6 {Weiss möchte die Stellung öffnen und auf
diese Weise die Türme aktivieren, aber nach dem Textzug bekommt Schwarz eine
starke Bauernmasse im Zentrum.} (36. h4 $15) 36... hxg4 37. Rxg4 (37. fxg4 g5
$15) 37... d6 38. h4 Nd7 {[%csl Rc4][%cal Gd7e5,Ge5c4,Ge5g4]} 39. Re4 e5 {
[%csl Re4][%cal Rd7c5,Rc5e4,Rd7f6,Rf6e4]} (39... Ne5 $5 $17 {[%csl Rc4][%cal
Re5c4,Rc4d2,Rc4e3]} 40. Rdd4 f5 41. Rf4 Nf7) 40. Kf2 $8 Nf6 41. Re3 Rxc4 $17 {
[%csl Gc4][%cal Rc4h4] Schwarz hat schon zwei Bauern für die Qualität und sehr
gute Gewinnchancen, denn praktisch jeder weisse Bauer ist schwach.} 42. Rd4 $5
{[%cal Ge3e7]} Rc5 {Es ist vorteilhaft für Schwarz, die Türme nicht zu
tauschen.} (42... Rxd4 43. cxd4 Ke6 44. dxe5 dxe5 45. Ra3 a5 46. Rb3 Nd5 $15)
43. Ra4 a5 44. c4 Rc8 (44... Ke6 45. Rb3 Rc6 $17 {Und Schwarz lässt ...d6-d5
folgen.}) 45. Rb3 Nd7 46. Rb1 Rc6 47. Ke3 Nc5 {[%csl Gc5]} 48. Ra3 {Weiss kann
nur warten. Er hat keine Hoffnungen auf aktives Gegenspiel.} Ne6 {[%cal Ge6d4]}
49. Ra4 Nd4 50. Rb2 (50. Ke4 Ke6 $17) 50... Ke6 (50... f5 $17) 51. Rd2 Ke7 (
51... d5 52. cxd5+ Kxd5 $17) 52. Rb2 f5 53. h5 $5 {Unter zeitweiligem
Bauernopfer kann Weiss endlich seinen Turm aktivieren.} gxh5 54. Rh2 d5 (54...
b5 $5 55. cxb5 (55. Rxa5 f4+ 56. Kd3 bxc4+ 57. Kc3 Nxf3 $19) 55... Rc3+ 56. Kf2
Rc2+ 57. Kg3 f4+ 58. Kh3 Rc3 $17) 55. f4 $8 (55. cxd5 Rc3+ 56. Kf2 Rc2+ 57. Kg3
f4+ 58. Kh3 Rxh2+ 59. Kxh2 Nxf3+ 60. Kg2 Nd4 $19) 55... dxc4 {[%csl Gc4] Der
schwarze c-Bauer ist eine neue Gefaehr für Weiss.} 56. fxe5 c3 57. Rxh5 (57.
Rxd4 c2 58. Rxc2 Rxc2 $19) 57... c2 58. Rh1 c1=Q+ 59. Rxc1 Rxc1 60. Rxd4 {
Weiss hat jetzt einen Bauern weniger im Turmendspiel, aber es ist nicht klar,
ob Schwarz den Materialvorteil verwerten kann.} Ke6 61. Rd6+ Kxe5 62. Rxb6 {
Das reduzierte Material bietet Weiss einige Remischancen.} Rc3+ 63. Kd2 Ra3 {
[%csl Ga3]} 64. Rb2 {Hansen,Cu: 'When I saw this position I was rather
surprised the game ended with a draw. Black is a strong russian grandmaster
and as far as I know he has even worked for some time with Dvoretsky. That
would normally indicate a very good knowledge of tecnical endings.   At the
same time I remembered the game Smyslov-Keres Moscow 1941, that Keres
annotated in one of his books - "ausgewählte partien 1931-58(selected games
1931-58). In this game black gets a postion with almost the same configuration
- only black has a g-P instead of f-P. According to Keres it is a trivial win.
The exact postion in that game was white: Kb2, Tg2, Ph2, black Rf3, Ka5, Pb5,
Ph5. White to move. I could not believe the small differences compared to the
game would change the asssesment from trivial win to draw. Lets see:'} Kf4 65.
Ke2 Rf3 $2 {'?!' Hansen,Cu. Hansen,Cu: 'Why? Whites R has to protect the a2-P
and he is completely passive. Black should win with:'} (65... Kg3 66. Kf1 f4
67. Rg2+ Kh3 $17 {Hansen,Cu: 'Black now threatens to exchange Rs with Rf3+.
Also f4-f3 would be very strong.'} (67... Kh3 {[%cal Ra3f3,Rf4f3] Hansen,Cu
Black now threatens to exchange Rs with Rf3+. Also f4-f3 would be very strong.}
68. Rb2 {Now black cannot immidiately get the optimal setup with Pf3 and Kg3.}
(68. Rf2 $2 f3 {[%cal Rh3g3]}) 68... a4 {[%cal Ya3c3,Ya4a3] with the idea
Ra3-c3 and a4-a3} 69. Kf2 Kg4 70. Kf1 Rc3 {[%cal Ya4a3,Yc3c1,Yc1b1,Yb1b2]
followed by a4-a3 and Rc3-c1-b1-b2 and white is defenceless. If white tries to
force blacks K away from the good square g4, things only get worse:} 71. Rg2+ (
71. Rb8 Kf3) 71... Kf3 72. Rf2+ Ke4 73. Re2+ Kd3 74. Re8 Rc2 75. a3 Ra2 76. Re7
Rxa3 77. Kf2 Rb3 $19)) 66. Rb5 Kg3 {'?' Hansen,Cu.} (66... Ra3 $17) (66... Ra3
$19 {Hansen,Cu}) 67. Rxa5 $11 Rf2+ 68. Kd3 f4 69. Rg5+ Kf3 (69... Kh3 70. Ke4
$11) 70. a4 Rg2 (70... Ra2 71. a5 $11) 71. Re5 (71. Rxg2 $4 Kxg2 72. a5 f3 73.
a6 f2 74. a7 f1=Q+ $19) 71... Kg4 72. Kc4 {Die weisse Strategie ist klar. Er
möchte den Turm gegen den f-Bauern geben und der a-Bauer sichert dann mit
Unterstützung des Königs das Remis.} f3 73. Re8 Re2 (73... f2 74. Rf8 $11) 74.
Rg8+ Kf4 75. Rf8+ Kg3 76. a5 f2 77. a6 Re4+ 78. Kc5 $1 (78. Kb5 $2 Rf4 79. Rxf4
Kxf4 80. a7 f1=Q+) (78. Kd3 $2 Ra4 79. Ke3 Ra3+ 80. Ke2 Ra2+ 81. Ke3 Kg2 $19)
78... Ra4 79. Kb6 1/2-1/2